The CLIA guide to the cruise industry / (Record no. 15408)
[ view plain ]
| 000 -LEADER | |
|---|---|
| fixed length control field | 01627cam a2200397 a 4500 |
| 001 - CONTROL NUMBER | |
| control field | 16131892 |
| 003 - CONTROL NUMBER IDENTIFIER | |
| control field | OSt |
| 005 - DATE AND TIME OF LATEST TRANSACTION | |
| control field | 20140310182727.0 |
| 008 - FIXED-LENGTH DATA ELEMENTS--GENERAL INFORMATION | |
| fixed length control field | 100312s2011 nyua b 001 0 eng d |
| 010 ## - LIBRARY OF CONGRESS CONTROL NUMBER | |
| LC control number | 2010924623 |
| 020 ## - INTERNATIONAL STANDARD BOOK NUMBER | |
| International Standard Book Number | 9789814336697 |
| 035 ## - SYSTEM CONTROL NUMBER | |
| System control number | (OCoLC)ocn548607429 |
| 040 ## - CATALOGING SOURCE | |
| Original cataloging agency | BTCTA |
| Language of cataloging | eng |
| Transcribing agency | BTCTA |
| Modifying agency | UNL |
| -- | YDXCP |
| -- | BWX |
| -- | MOU |
| -- | Z5A |
| -- | DLC |
| 042 ## - AUTHENTICATION CODE | |
| Authentication code | lccopycat |
| 050 00 - LIBRARY OF CONGRESS CALL NUMBER | |
| Classification number | G 550 |
| Item number | .M269 2011 |
| 100 1# - MAIN ENTRY--PERSONAL NAME | |
| Personal name | Mancini, Marc, |
| Dates associated with a name | 1946- |
| 245 14 - TITLE STATEMENT | |
| Title | The CLIA guide to the cruise industry / |
| Statement of responsibility, etc | Marc Mancini. |
| 246 3# - VARYING FORM OF TITLE | |
| Title proper/short title | Guide to the cruise industry |
| 260 ## - PUBLICATION, DISTRIBUTION, ETC. (IMPRINT) | |
| Place of publication, distribution, etc | Clifton Park, NY : |
| Name of publisher, distributor, etc | Delmar Pub, |
| Date of publication, distribution, etc | 2011. |
| 300 ## - PHYSICAL DESCRIPTION | |
| Extent | 242 p. : |
| Other physical details | ill. ; |
| Dimensions | 28 cm. |
| 504 ## - BIBLIOGRAPHY, ETC. NOTE | |
| Bibliography, etc | Includes bibliographic references (p. 192-194) and index. |
| 505 0# - FORMATTED CONTENTS NOTE | |
| Formatted contents note | Who cruises and why -- The anatomy of a cruise ship -- The cruise experience -- Who's who in cruising -- The pre-, post-, and off-ship cruise experience -- The geography of cruising -- Profiling the lines -- Selling cruises -- Cruise marketing, groups, and incentives. |
| 520 ## - SUMMARY, ETC. | |
| Summary, etc | This textbook is designed to support CLIA's certification program. |
| 521 ## - TARGET AUDIENCE NOTE | |
| Target audience note | |
| 562 ## - COPY AND VERSION IDENTIFICATION NOTE | |
| Number of copies | For circulation. 2 copy available in the collection |
| 650 #0 - SUBJECT ADDED ENTRY--TOPICAL TERM | |
| Topical term or geographic name as entry element | Cruise lines |
| General subdivision | Study and teaching. |
| 650 #0 - SUBJECT ADDED ENTRY--TOPICAL TERM | |
| Topical term or geographic name as entry element | Cruise lines |
| Form subdivision | Textbooks. |
| 650 #0 - SUBJECT ADDED ENTRY--TOPICAL TERM | |
| Topical term or geographic name as entry element | Ocean travel |
| General subdivision | Study and teaching. |
| 650 #0 - SUBJECT ADDED ENTRY--TOPICAL TERM | |
| Topical term or geographic name as entry element | Tourism |
| General subdivision | Marketing |
| -- | Study and teaching. |
| 710 2# - ADDED ENTRY--CORPORATE NAME | |
| Corporate name or jurisdiction name as entry element | Cruise Lines International Association. |
| 906 ## - LOCAL DATA ELEMENT F, LDF (RLIN) | |
| a | 7 |
| b | cbc |
| c | copycat |
| d | 2 |
| e | ncip |
| f | 20 |
| g | y-gencatlg |
| 942 ## - ADDED ENTRY ELEMENTS (KOHA) | |
| Source of classification or shelving scheme | Library of Congress Classification |
| Koha item type | Books |
| Call number prefix | Foreign |
| Withdrawn status | Lost status | Source of classification or shelving scheme | Damaged status | Home library | Current library | Shelving location | Date acquired | Cost, normal purchase price | Total Checkouts | Total Renewals | Full call number | Barcode | Date last seen | Date checked out | Copy number | Price effective from | Koha item type |
|---|---|---|---|---|---|---|---|---|---|---|---|---|---|---|---|---|---|
| Library of Congress Classification | College Library | College Library | General Circulation Section | 08/18/2011 | 10.45 | 1 | 35 | G 550 .M269 2011 | C12547 | 05/24/2019 | 01/08/2019 | 1 | 10/18/2013 | Books | |||
| Library of Congress Classification | College Library | College Library | General Circulation Section | 10/25/2013 | 10.45 | G 550 .M269 2011 | C12621 | 05/15/2018 | 2 | 10/25/2013 | Books |